Search the Library Catalogue
| 000 -LEADER | |
|---|---|
| fixed length control field | 01080nam a2200217Ia 4500 |
| 008 - FIXED-LENGTH DATA ELEMENTS--GENERAL INFORMATION | |
| fixed length control field | 240825s9999 xx 000 0 und d |
| 020 ## - INTERNATIONAL STANDARD BOOK NUMBER | |
| ISBN | 9780749466251 |
| Paper back/Hardbound | pbk |
| 041 ## - LANGUAGE CODE | |
| Language code of text/sound track or separate title | eng |
| 082 ## - DEWEY DECIMAL CLASSIFICATION NUMBER | |
| Classification number | 658.7 |
| Item number | MCK |
| 100 ## - MAIN ENTRY--AUTHOR NAME | |
| Personal name | McKinnon, Alan |
| 245 #0 - TITLE STATEMENT | |
| Title | Green logistics : improving the environmental sustainability of logistics |
| Statement of responsibility, etc | edited by Alan McKinnon, Michael Browne and Anthony Whiteing. |
| 250 ## - EDITION STATEMENT | |
| Edition statement | 2nd ed. |
| 260 ## - PUBLICATION, DISTRIBUTION, ETC. (IMPRINT) | |
| Year of publication | 2012 |
| Place of publication | London |
| Name of publisher | Kogan page |
| 300 ## - PHYSICAL DESCRIPTION | |
| Number of Pages | xiv, 377 p. |
| Other physical details | : ill. |
| Dimensions | ; 24 cm. |
| 504 ## - BIBLIOGRAPHY, ETC. NOTE | |
| Bibliography, etc | Includes bibliographies and index |
| 520 ## - SUMMARY, ETC. | |
| Summary, etc | Analyses the environmental consequences of logistics operations and how to deal with them in an effective and cost efficient way. It examines key areas including carbon auditing of supply chains, transferring freight to greener transport modes, reducing the environmental impact of warehousing, improving fuel efficiency in freight transport, and reverse logistics for the management of waste |
| 650 ## - SUBJECT ADDED ENTRY--TOPICAL TERM | |
| Topical Term | Business logistics--Environmental aspects. |
| 700 ## - ADDED ENTRY--PERSONAL NAME | |
| Personal name | Browne, Michael. |
| Personal name | Whiteing, Anthony. |
| 942 ## - ADDED ENTRY ELEMENTS (KOHA) | |
| Koha item type | English Books |
| Withdrawn status | Lost status | Damaged status | Not for loan | Home library | Current library | Shelving location | Date acquired | Cost, normal purchase price | Full call number | Accession Number | Price effective from | Koha item type |
|---|---|---|---|---|---|---|---|---|---|---|---|---|
| Anna Centenary Library | Anna Centenary Library | 6TH FLOOR, B WING | 17.07.2024 | 895.00 | 658.7 MCK | 696089 | 25.08.2024 | English Books | ||||
| Anna Centenary Library | Anna Centenary Library | 6TH FLOOR, B WING | 17.07.2024 | 895.00 | 658.7 MCK;1 | 696090 | 25.08.2024 | English Books |